Император Николай и иностранные дворы : (Record no. 322676)
[ view plain ]
| 000 -LEADER | |
|---|---|
| fixed length control field | 01282nam a2200229 a 4500 |
| 001 - CONTROL NUMBER | |
| control field | 000962970 |
| 003 - CONTROL NUMBER IDENTIFIER | |
| control field | AM-YeHGA |
| 005 - DATE AND TIME OF LATEST TRANSACTION | |
| control field | 20250617150017.0 |
| 008 - FIXED-LENGTH DATA ELEMENTS--GENERAL INFORMATION | |
| fixed length control field | 130516s1889 ||| r 000 0 rus d |
| 040 ## - CATALOGING SOURCE | |
| Original cataloging agency | AM-YeHGA |
| 041 0# - LANGUAGE CODE | |
| Language code of text/sound track or separate title | rus |
| 090 ## - LOCALLY ASSIGNED LC-TYPE CALL NUMBER (OCLC); LOCAL CALL NUMBER (RLIN) | |
| -- | 324419 |
| 100 1# - MAIN ENTRY--PERSONAL NAME | |
| Personal name | Татищев, Сергей Спиридонович |
| 245 10 - TITLE STATEMENT | |
| Title | Император Николай и иностранные дворы : |
| Remainder of title | Исторические очерки / |
| Statement of responsibility, etc. | С.С. Татищева. |
| 260 ## - PUBLICATION, DISTRIBUTION, ETC. | |
| Place of publication, distribution, etc. | Санкт-Петербург |
| Manufacturer | Тип. И. Н. Скороходова |
| Date of publication, distribution, etc. | 1889. |
| 300 ## - PHYSICAL DESCRIPTION | |
| Extent | 483 с. |
| 505 0# - FORMATTED CONTENTS NOTE | |
| Formatted contents note | Предисловие. - Поездка императора Николая в Англию. - Император Николай и австрийский двор. - Император Николай и июльская монархия во Франции. - Император Николай и прусский двор. - Император Николай и прусская армия. - Приложение: Император Вильгельм I о России. |
| 600 04 - SUBJECT ADDED ENTRY--PERSONAL NAME | |
| Personal name | Николай |
| Numeration | I |
| Titles and other words associated with a name | имп. |
| Dates associated with a name | 1796-1855 |
| 651 #4 - SUBJECT ADDED ENTRY--GEOGRAPHIC NAME | |
| Geographic name | Россия |
| 653 0# - INDEX TERM--UNCONTROLLED | |
| Uncontrolled term | История - Россия |
| 653 0# - INDEX TERM--UNCONTROLLED | |
| Uncontrolled term | Дипломатия - Россия - История |
| Withdrawn status | Lost status | Source of classification or shelving scheme | Damaged status | Not for loan | Collection | Home library | Current library | Date acquired | Total checkouts | Full call number | Barcode | Date last seen | Price effective from | Koha item type | Public note |
|---|---|---|---|---|---|---|---|---|---|---|---|---|---|---|---|
| Universal Decimal Classification | General | Fundamental Scientific Library | Fundamental Scientific Library | 09/01/2017 | PII/488312 | FL0261074 | 09/01/2017 | 09/01/2017 | Գրքեր / Books | 30 Days Loan |
ՀՀ Գիտությունների ազգային ակադեմիայի հիմնարար գիտական գրադարան = Fundamental Scientific Library of NAS RA
All site content, except where otherwise noted, is licensed under a